Kamus padanan tiga bahasa : (Record no. 123639)

MARC details
000 -LEADER
fixed length control field 00926nam a2200265 i 4500
001 - CONTROL NUMBER
control field C2-0323583
003 - CONTROL NUMBER IDENTIFIER
control field PPAK
005 - DATE AND TIME OF LATEST TRANSACTION
control field 20180728122135.0
008 - FIXED-LENGTH DATA ELEMENTS--GENERAL INFORMATION
fixed length control field 131104s2012 my |||| ||||| | zxx d
020 ## - INTERNATIONAL STANDARD BOOK NUMBER
International Standard Book Number 9789834601546
040 ## - CATALOGING SOURCE
Original cataloging agency PPAK
Language of cataloging eng
Transcribing agency PPAK
Description conventions rda
082 04 - DEWEY DECIMAL CLASSIFICATION NUMBER
Classification number 413.9923
Edition number 23
090 00 - LOCALLY ASSIGNED LC-TYPE CALL NUMBER (OCLC); LOCAL CALL NUMBER (RLIN)
Classification number (OCLC) (R) ; Classification number, CALL (RLIN) (NR) 413.9923
Feature heading KAM
Feature heading R
245 00 - TITLE STATEMENT
Title Kamus padanan tiga bahasa :
Remainder of title Melayu-Inggeris-Parsi, Parsi-Melayu-Inggeris
264 #1 - PRODUCTION, PUBLICATION, DISTRIBUTION, MANUFACTURE, AND COPYRIGHT NOTICE
Place of production, publication, distribution, manufacture Kuala Lumpur :
Name of producer, publisher, distributor, manufacturer Dewan Bahasa dan Pustaka ,
Date of production, publication, distribution, manufacture, or copyright notice 2012
300 ## - PHYSICAL DESCRIPTION
Extent xiv, 150 pages ;
Dimensions 14 cm
336 ## - CONTENT TYPE
Source rdacontent
Content type term text
337 ## - MEDIA TYPE
Source rdamedia
Media type term unmediated
338 ## - CARRIER TYPE
Source rdacarrier
Carrier type term volume
650 10 - SUBJECT ADDED ENTRY--TOPICAL TERM
Topical term or geographic name entry element Malay language - Dictionaries - Polyglot. ; English language - Dictionaries - Polyglot. ; Persian language - Dictionaries - Polyglot.
700 0# - ADDED ENTRY--PERSONAL NAME
Personal name Hakimeh Dabiran,
Relator term compile
Personal name Muhammad Bukhari Lubis,
Relator term editor
Personal name Firuz Akhtar Lubis,
Relator term translator.
942 ## - ADDED ENTRY ELEMENTS (KOHA)
-- dc
Koha item type Book
Holdings
Withdrawn Not for loan Current library Shelving location Date acquired Full call number Barcode Date last seen Koha item type
  Not For Loan Perpustakaan Alor Setar Rujukan Dewasa 05/12/2013 R 413.9923 KAM A01418278 09/05/2018 Book
  Not For Loan Perpustakaan Alor Setar Rujukan Dewasa 05/12/2013 R 413.9923 KAM A01418279 09/05/2018 Book
  Not For Loan Perpustakaan Awam Sungai Petani Rujukan Dewasa 05/12/2013 R 413.9923 KAM A01418280 09/05/2018 Book
  Not For Loan Perpustakaan Baling Rujukan Dewasa 05/12/2013 R 413.9923 KAM A01418283 09/05/2018 Book
  Not For Loan Perpustakaan Jitra Rujukan Dewasa 05/12/2013 R 413.9923 KAM A01418281 09/05/2018 Book
  Not For Loan Perpustakaan Kulim Rujukan Dewasa 05/12/2013 R 413.9923 KAM A01418282 09/05/2018 Book
  Not For Loan Perpustakaan Merbok Rujukan Dewasa 05/12/2013 R 413.9923 KAM A01418284 09/05/2018 Book